[Event "SuperChess Cup Rapid 2019"]
[Site "Bucharest"]
[Date "2019.11.08"]
[Round "8.1"]
[White "Istratescu, Andrei"]
[Black "Cosma, Elena-Luminita"]
[Result "1/2-1/2"]
[WhiteElo "2564"]
[BlackElo "2313"]
[Annotator "RC"]
[PlyCount "72"]
[EventDate "2019.11.06"]
[EventType "tourn"]
[EventCountry "ROU"]
[SourceTitle "playchess.com"]
[Source "ChessBase"]
[SourceQuality "1"]
[TimeMode "Bronstein"]
[TimeControl "1500+10"]

1. e4 {[%emt 0:00:00]} e6 {[%emt 0:00:00]} 2. d4 {[%emt 0:00:00]} d5 {[%emt 0:00:00]} 3. Nd2 {[%emt 0:00:00]} c5 {[%emt 0:00:00]} 4. exd5 {[%emt 0:00:00]} exd5 {[%emt 0:00:00]} 5. Ngf3 {[%emt 0:00:00]} Nc6 {[%emt 0:00:00]} 6. Bb5 {[%emt 0:00:00]} cxd4 {[%emt 0:00:00]} 7. Nxd4 {[%emt 0:01:23]} Bd7 {[%emt 0:00:00]} 8. N2f3 {[%emt 0:01:27]} Bd6 {[%emt 0:00:05]} 9. O-O {[%emt 0:01:03]} Nge7 {[%emt 0:00:05]} 10. h3 {[%emt 0:06:47]} O-O {[%emt 0:00:19]} 11. Bd3 {[%emt 0:00:10]} Nxd4 {[%emt 0:00:51]} 12. Nxd4 {[%emt 0:00:10]} Nc6 {[%emt 0:00:10]} 13. Nf3 {[%emt 0:01:57]} h6 {[%emt 0:02:41]} 14. c3 {[%emt 0:00:47]} Qf6 {[%emt 0:00:10]} 15. Bc2 {[%emt 0:01:28]} Ne5 {[%emt 0:04:28]} 16. Nxe5 {[%emt 0:00:28]} Qxe5 {[%emt 0:00:13]} 17. f4 {[%emt 0:00:10]} Bc5+ {[%emt 0:00:10]} 18. Kh1 {[%emt 0:00:10]} Qd6 {[%emt 0:00:34]} 19. Qd3 {[%emt 0:02:31]} g6 {[%emt 0:00:58]} 20. Be3 {[%emt 0:00:52]} Bf5 {[%emt 0:02:33]} 21. Bxc5 {[%emt 0:00:10]} Qxc5 {[%emt 0:00:10]} 22. Qd2 {[%emt 0:00:10]} d4 {[%emt 0:00:51]} 23. Bxf5 {[%emt 0:00:10]} dxc3 {[%emt 0:00:10]} 24. Qxc3 {[%emt 0:00:10]} Qxf5 {[%emt 0:00:10]} 25. Rae1 {[%emt 0:00:54]} Rae8 {[%emt 0:01:36]} 26. Qc7 {[%emt 0:00:51]} Qb5 {[%emt 0:01:20]} 27. b3 {[%emt 0:00:43]} Rc8 {[%emt 0:01:29]} 28. Qe5 {[%emt 0:00:14]} Qxe5 {[%emt 0:00:44]} 29. Rxe5 {[%emt 0:00:10]} Rfe8 {[%emt 0:00:28]} 30. Rfe1 {[%emt 0:00:10]} Rxe5 {[%emt 0:00:10]} 31. Rxe5 {[%emt 0:00:10]} Rc2 {[%emt 0:00:15]} 32. a4 {[%emt 0:00:17]} Rc3 {[%emt 0:00:24]} 33. Rb5 {[%emt 0:00:15]} b6 {[%emt 0:00:10]} 34. a5 {[%emt 0:01:38]} bxa5 {[%emt 0:00:10]} 35. Rxa5 {[%emt 0:00:10]} Rxb3 {[%emt 0:00:10]} 36. Rxa7 {[%emt 0:00:10]} Rb5 {[%emt 0:00:10]} 1/2-1/2

[Event "SuperChess Cup Rapid 2019"]
[Site "Bucharest"]
[Date "2019.11.08"]
[Round "8.2"]
[White "Parligras, Mircea-Emilian"]
[Black "Peptan, Corina-Isabela"]
[Result "1-0"]
[WhiteElo "2629"]
[BlackElo "2371"]
[Annotator "ChessBase"]
[PlyCount "95"]
[EventDate "2019.11.06"]
[EventType "tourn"]
[EventCountry "ROU"]
[SourceTitle "playchess.com"]
[Source "ChessBase"]
[SourceQuality "1"]
[TimeMode "Bronstein"]
[TimeControl "1500+10"]

1. e4 {[%emt 0:00:00]} c5 {[%emt 0:00:00]} 2. Nf3 {[%emt 0:00:00]} e6 {[%emt 0:00:00]} 3. d4 {[%emt 0:00:00]} cxd4 {[%emt 0:00:00]} 4. Nxd4 {[%emt 0:00:00]} a6 {[%emt 0:00:00]} 5. c4 {[%emt 0:00:00]} Nf6 {[%emt 0:00:00]} 6. Nc3 {[%emt 0:00:00]} d6 {[%emt 0:00:00]} 7. Be3 {[%emt 0:00:00]} b6 {[%emt 0:00:32]} 8. Be2 {[%emt 0:00:04]} Bb7 {[%emt 0:00:10]} 9. f3 {[%emt 0:00:04]} Be7 {[%emt 0:00:25]} 10. O-O {[%emt 0:00:04]} O-O {[%emt 0:00:10]} 11. Qd2 {[%emt 0:00:04]} Qc7 {[%emt 0:00:40]} 12. Rfc1 {[%emt 0:00:04]} Nbd7 {[%emt 0:00:12]} 13. a4 {[%emt 0:00:04]} Ne5 {[%emt 0:00:21]} 14. a5 {[%emt 0:00:15]} bxa5 {[%emt 0:00:14]} 15. Nb3 {[%emt 0:00:10]} Rab8 {[%emt 0:00:25]} 16. Nxa5 {[%emt 0:00:21]} Ba8 {[%emt 0:00:10]} 17. b4 {[%emt 0:00:51]} Nfd7 {[%emt 0:02:59]} 18. Na4 {[%emt 0:01:02]} Nc6 {[%emt 0:01:29]} 19. Nxc6 {[%emt 0:00:18]} Bxc6 {[%emt 0:00:22]} 20. Nb2 {[%emt 0:03:33]} Bb7 {[%emt 0:04:40]} 21. Nd3 {[%emt 0:00:10]} Rfc8 {[%emt 0:00:20]} 22. Kh1 {[%emt 0:01:57]} Bf6 {[%emt 0:02:31]} 23. Rab1 {[%emt 0:00:10]} Ne5 {[%emt 0:00:10]} 24. Nf4 {[%emt 0:00:46]} g6 {[%emt 0:00:10]} 25. Qa2 {[%emt 0:01:47]} Ra8 {[%emt 0:01:17]} 26. c5 {[%emt 0:00:48]} dxc5 {[%emt 0:01:35]} 27. bxc5 {[%emt 0:00:10]} Nc6 {[%emt 0:00:10]} 28. Rd1 {[%emt 0:00:59]} Re8 {[%emt 0:01:43]} 29. Rb6 {[%emt 0:01:13]} Be5 {[%emt 0:00:54]} 30. Nd3 {[%emt 0:00:42]} Bg7 {[%emt 0:01:42]} 31. Rdb1 {[%emt 0:01:04]} Ra7 {[%emt 0:00:10]} 32. Bf4 {[%emt 0:01:38]} e5 {[%emt 0:00:10]} 33. Be3 {[%emt 0:00:11]} Bf8 {[%emt 0:01:01]} 34. Bd1 {[%emt 0:00:49]} Rd8 {[%emt 0:00:10]} 35. Qc4 {[%emt 0:00:59]} Bc8 {[%emt 0:01:03]} 36. Ba4 {[%emt 0:00:26]} Be6 {[%emt 0:00:10]} 37. Qc3 {[%emt 0:00:21]} Nd4 {[%emt 0:00:12]} 38. c6 {[%emt 0:00:50]} Nb5 {[%emt 0:00:38]} 39. Bxb5 {[%emt 0:00:19]} axb5 {[%emt 0:00:10]} 40. Nb4 {[%emt 0:02:53]} Bxb4 {[%emt 0:00:10]} 41. Qxb4 {[%emt 0:00:10]} Bc4 {[%emt 0:00:38]} 42. Qc5 {[%emt 0:00:39]} Rda8 {[%emt 0:00:24]} 43. h3 {[%emt 0:00:14]} Ra6 {[%emt 0:00:14]} 44. Rxa6 {[%emt 0:00:42]} Rxa6 {[%emt 0:00:10]} 45. Bh6 {[%emt 0:00:10]} Ra8 {[%emt 0:00:10]} 46. Rd1 {[%emt 0:00:10]} Rc8 {[%emt 0:00:41]} 47. Rd7 {[%emt 0:00:21]} Qa5 {[%emt 0:00:22]} 48. Qxe5 {[%emt 0:00:17]} 1-0

[Event "SuperChess Cup Rapid 2019"]
[Site "Bucharest"]
[Date "2019.11.08"]
[Round "8.3"]
[White "Miron, Lucian-Costin"]
[Black "Deac, Bogdan-Daniel"]
[Result "0-1"]
[WhiteElo "2490"]
[BlackElo "2613"]
[Annotator "TA"]
[PlyCount "86"]
[EventDate "2019.11.06"]
[EventType "tourn"]
[EventCountry "ROU"]
[SourceTitle "playchess.com"]
[Source "ChessBase"]
[SourceQuality "1"]

{[%evp 10,86,39,28,29,0,3,23,14,19,12,24,22,21,33,-11,-13,-46,-20,-20,-16,-20,-21,-19,-24,-35,0,-23,-29,-154,-24,-8,-25,-45,-37,-38,-27,-40,-36,-41,-26,-37,0,0,0,0,0,0,0,0,0,0,0,0,0,0,0,0,0,-80,-77,-60,0,-51,-8,-8,-8,-80,-79,-114,-64,-65,-65,-66,-67,-103,-87,-590,-581]} 1. e4 c5 2. Nf3 d6 3. Bb5+ Nc6 4. O-O Bd7 5. Re1 Nf6 6. c3 a6 {B51: Sicilian: Moscow Variation (3 Bb5+) without 3...Bd7} 7. Bc4 (7. Bf1 Bg4 8. d4 cxd4 9. cxd4 d5 10. exd5 Nxd5 11. Nc3 e6 12. h3 Bh5 13. g4 Bg6 14. Nxd5 Qxd5 15. Bg2 O-O-O 16. Ne5 Qxd4 17. Qf3 Rd5 18. Nxf7 {1-0 (31) Giri,A (2779)-Mamedyarov,S (2774) Zagreb 2019}) 7... Bg4 8. d4 Bxf3 {White has an edge.} 9. gxf3 e6 10. d5 Ne5 11. Bf1 g5 12. f4 $146 ({Predecessor:} 12. dxe6 fxe6 13. Bxg5 {0-1 (46) Yudin,S (2507)-Pridorozhni,A (2588) Kazan 2019}) 12... gxf4 13. Bxf4 Rg8+ 14. Bg2 h5 15. dxe6 fxe6 16. Bxe5 dxe5 17. Nd2 b5 18. a4 Ra7 19. Nf3 ({But not} 19. axb5 $2 Rag7 $19) (19. Nf1 $1 $11) 19... Rag7 (19... Rd7 $17 20. Qe2 Rdg7 21. axb5 Rxg2+ 22. Kf1 a5) 20. Qxd8+ $11 Kxd8 21. Red1+ Kc7 22. Ne1 $1 h4 {[#] White must now prevent ...h3.} 23. Kf1 b4 {Strongly threatening ...Nh5.} 24. Bf3 $1 bxc3 25. bxc3 c4 26. a5 $1 Ne8 {Hoping for ...Bc5.} 27. Ra4 $1 {[%cal Ra4c4]} Nd6 28. h3 Rg1+ 29. Ke2 Be7 30. Bg4 Rb8 31. Nf3 Rxd1 32. Kxd1 Rb1+ 33. Ke2 Rb2+ 34. Ke3 {[#]} (34. Kd1 $11) 34... Rc2 $1 $17 35. Nxe5 Rxc3+ (35... Bf6 $15 36. f4 Rxc3+ 37. Ke2 Bxe5 38. fxe5 Nb5) 36. Ke2 (36. Kf4 $11) 36... Rc2+ (36... Bf6 $5 {[%cal Rf6e5]} 37. f4 Bxe5 38. fxe5 Nb5 $11) 37. Kd1 Rxf2 {Threatens to win with ...c3.} 38. Nxc4 (38. Ng6 $1 $11 {keeps the balance.} Bg5 39. e5) 38... Nxe4 39. Ne3 Nc3+ 40. Ke1 {Rc4+ is the strong threat.} Nxa4 41. Kxf2 Nc5 42. Bf3 Nd3+ 43. Kg1 $2 {[%mdl 8192]} (43. Kf1 $17 {keeps fishing.}) 43... Bc5 {Accuracy: White = 49%, Black = 64%.} 0-1

[Event "SuperChess Cup Rapid 2019"]
[Site "Bucharest"]
[Date "2019.11.08"]
[Round "8.4"]
[White "Georgescu, Tiberiu-Marian"]
[Black "Gavrilescu, David"]
[Result "0-1"]
[WhiteElo "2508"]
[BlackElo "2451"]
[Annotator "TA"]
[PlyCount "98"]
[EventDate "2019.11.06"]
[EventType "tourn"]
[EventCountry "ROU"]
[SourceTitle "playchess.com"]
[Source "ChessBase"]
[SourceQuality "1"]

{[%evp 9,98,1,0,-1,3,-4,-16,-54,-4,-9,27,-15,-9,-66,-66,-70,-70,-70,-70,-118,-82,-78,-80,-183,-184,-174,-152,-215,-215,-200,-191,-191,-194,-214,-143,-149,-123,-195,-183,-225,-195,-165,-81,-68,-93,-414,-274,-360,-360,-391,-375,-469,-466,-414,-384,-366,-346,-547,-499,-520,-519,-489,-477,-420,-245,-256,-249,-244,-226,-401,-100,-466,-456,-427,-422,-383,-116,-116,-116,-29987,-29988,-29988,-29989,-29990,-29990,-29990,-29984,-29981,-29982,-29981,-29982]} 1. c4 e5 2. d3 Nf6 3. Nf3 Nc6 4. a3 d5 (4... g6 5. b4 d6 6. Bb2 Bg7 7. e3 O-O 8. Be2 Ne7 9. O-O Re8 10. Nc3 Nf5 11. Ne4 Nxe4 12. dxe4 {1-0 (57) Kramnik,V (2753)-Anand,V (2756) Amsterdam 2019}) 5. cxd5 Nxd5 6. e4 {A20: English Opening: 1...e5} Nde7 7. b4 $146 ({Predecessor:} 7. Be3 g6 8. Be2 Bg7 9. O-O O-O 10. b4 Be6 11. Nbd2 a5 {1-0 (54) Stanec,N (2532)-Wallner,J (2331) Vienna 2012}) 7... Ng6 8. Bb2 {The position is equal.} a6 9. Nbd2 Bd6 10. Nc4 Bg4 11. h3 ({Better is} 11. g3 $11) 11... Bxf3 $1 $15 12. Qxf3 O-O 13. g3 b5 14. Ne3 a5 15. bxa5 Rxa5 16. Be2 (16. Qd1 $17) 16... Qa8 $1 $19 17. O-O Bxa3 18. Rxa3 (18. Bc3 $17 b4 19. Bd2) 18... Rxa3 19. Bxa3 Nd4 20. Qg4 Qxa3 21. Nf5 Qb2 22. Bd1 Qb4 23. Ne3 (23. h4 $17) 23... Qd2 24. Nf5 Qxd3 25. h4 {[#] intending h5.} Qc4 (25... h5 $1 $19 26. Qxh5 Qxe4 27. Nxd4 exd4 28. Qxb5 Ne5) 26. h5 $17 Nxf5 27. hxg6 $4 {[%mdl 8192]} (27. Qxf5 $17 {was the crucial defense.} Ne7 28. Qxe5) 27... Nd6 28. gxh7+ Kh8 29. Re1 b4 30. Re3 Ra8 31. Kg2 Ra1 32. Qd7 Qe6 (32... Kxh7 33. Re1 $19) (32... Rxd1 33. Qd8+ Kxh7 34. Qh4+ Kg6 35. Qg4+ Kf6 36. Qxd1 $17) 33. Qxe6 (33. Qd8+ $142 Qe8 34. Qxe8+ Nxe8 35. Bb3) 33... fxe6 $19 {[%mdl 4096] Endgame KRB-KRN} 34. Bb3 Ra3 35. Rf3 Kxh7 36. Bxe6 c5 (36... c6 $142 37. Bb3 c5) 37. Rf8 c4 {Threatens to win with ...c3.} 38. Rd8 {Strongly threatening Bg8+.} Ra6 (38... Nxe4 39. Bf5+ g6 40. Bxe4 $16) 39. f4 $2 (39. Rb8 {is a better defense.} c3 40. Bb3) 39... b3 $2 (39... c3 $19 {has better winning chances. White must now prevent ...c2.} 40. Bb3 exf4 41. gxf4 Nxe4) 40. fxe5 $2 {[%mdl 8192] [#]} (40. Rb8 $17 Ra2+ 41. Kh3) 40... b2 $1 {[%cal Rb2b1]} 41. Rb8 {[#]} c3 $1 {[%cal Rc3c2]} ({Weaker is} 41... Ra2 42. Kh3 $17) 42. exd6 {KRB-KR} c2 $2 (42... Rxd6 $19 43. Bb3 (43. Bf5+ $2 g6 $19) 43... Kh6 44. Rh8+ Kg5) 43. d7 $17 Rd6 44. e5 $2 {[%mdl 8192]} (44. Bg8+ $17 Kg6 45. Rb6 (45. d8=R $2 Rxd8 46. Rxd8 b1=Q $19) 45... Rxb6 46. d8=Q) 44... Rd2+ {Black mates.} 45. Kh3 c1=Q 46. d8=Q Qh1+ 47. Kg4 Qd1+ 48. Kg5 Rxd8 49. Bf5+ Kh8 {Accuracy: White = 31%, Black = 56%.} 0-1

[Event "SuperChess Cup Rapid 2019"]
[Site "Bucharest"]
[Date "2019.11.08"]
[Round "8.5"]
[White "Lupulescu, Constantin"]
[Black "David, Alexandru-Vasile"]
[Result "1-0"]
[WhiteElo "2643"]
[BlackElo "2424"]
[Annotator "TA"]
[PlyCount "99"]
[EventDate "2019.11.06"]
[EventType "tourn"]
[EventCountry "ROU"]
[SourceTitle "playchess.com"]
[Source "ChessBase"]
[SourceQuality "1"]

{[%evp 9,98,24,38,36,32,17,42,38,43,35,58,53,97,97,130,97,153,145,84,64,137,55,98,91,127,124,134,130,128,117,105,99,109,68,68,69,70,64,66,19,108,117,173,180,189,192,185,179,193,196,330,324,303,275,402,388,381,370,399,370,1701,439,412,67,52,35,38,34,34,41,281,284,1271,1268,2644,837,29968,5704,29993,29994,29994,29995,29995,29996,29996,29997,29997,29998,29998,29999,29999]} 1. e4 e5 2. Nf3 Nc6 3. Bc4 Nf6 4. d3 h6 5. c3 d6 6. a4 {C55: Two Knights: 4 d3, 4 d4 exd4 5 e5 and Max Lange Attack} (6. Nbd2 g5 7. h3 Bg7 8. Bb3 O-O 9. Nf1 Ne7 10. h4 g4 11. N3h2 d5 12. f3 Ng6 13. fxg4 Nxh4 14. g3 {0-1 (32) Anand,V (2767)-Nepomniachtchi,I (2775) Zagreb 2019}) 6... g5 7. a5 a6 8. Qb3 {White is slightly better.} Qe7 9. Nbd2 Bg7 10. Nf1 $1 Nh5 $146 ({Predecessor:} 10... O-O 11. Ng3 Rb8 12. h4 g4 13. Nh2 Qd8 {1-0 (53) Sawlin,L (2340)-Niermann,T (2178) Hannover 2017}) 11. Ne3 O-O 12. g3 Qf6 (12... Nf6 $142) 13. Qd1 $1 $16 Qg6 14. Nd5 Bh3 (14... Nf6 $1 $14) 15. Nxc7 ({White should try} 15. g4 $16) 15... Rac8 16. Nd5 Kh8 17. Ne3 Ne7 18. Qe2 Bd7 19. Nd5 Nxd5 20. Bxd5 f5 21. exf5 Bxf5 22. Be4 $1 Nf6 {[%cal Rf6e4]} 23. Bxf5 Qxf5 24. Be3 d5 {[#]} (24... Nd7 $11 {keeps the balance.} 25. Nd2 d5) 25. d4 $1 e4 (25... Ng4 $16 26. Nxe5 Bxe5) 26. Ne5 $18 Nd7 27. g4 Qe6 28. Nxd7 Qxd7 29. h4 Rf3 (29... gxh4 $142 30. Rxh4 Kg8 31. Bxh6 Bxh6) 30. hxg5 Qxg4 31. Kd2 ({Don't do} 31. gxh6 Bf6 $18) 31... Rcf8 (31... Qd7 {might work better.} 32. gxh6 Bf6) 32. gxh6 Bf6 33. Rag1 Qd7 34. Qf1 Be5 $2 (34... Rg8 35. Rxg8+ Kxg8 36. Rg1+ Kh7) 35. Qg2 (35. dxe5 $142 d4 36. Bxd4 Rxf2+ {[#]} 37. Qxf2 $1 {[%mdl 512]} Rxf2+ 38. Ke1 Qxd4 39. cxd4) 35... Bg3 {[%cal Rf3f2]} 36. fxg3 $2 (36. Kc1 $18) 36... Qb5 $14 37. Kc1 Rxe3 38. Rf1 {[%cal Bg1f1,Bf1f2,Bf2b2][%mdl 32]} Rc8 $1 {Hoping for ...Re2.} 39. Rf2 {g4 is the strong threat.} Qa4 $2 ({Black should play} 39... Qb3 $1 $14 40. Rc2 Qa2) 40. Kb1 $18 Rexc3 $2 (40... Qb5 41. Qf1 Qxf1+ 42. Rhxf1 (42. Rfxf1 Rxg3 43. Rf5 Rd8 $18) 42... Rxg3) 41. bxc3 Rxc3 42. Rhf1 {White wants to mate with Rf8+.} Rb3+ 43. Rb2 Ra3 44. Rf8+ {White mates.} Kh7 45. Rxb7+ Kg6 46. Rg7+ Kxh6 47. Qh3+ Kxg7 48. Qh8+ Kg6 49. Rf6+ {[%mdl 64] Double Attack} Kg5 50. Qh4# {Accuracy: White = 65%, Black = 31%.} 1-0

[Event "SuperChess Cup Rapid 2019"]
[Site "Bucharest"]
[Date "2019.11.08"]
[Round "9.1"]
[White "David, Alexandru-Vasile"]
[Black "Istratescu, Andrei"]
[Result "0-1"]
[WhiteElo "2424"]
[BlackElo "2564"]
[Annotator "TA"]
[PlyCount "132"]
[EventDate "2019.11.06"]
[EventType "tourn"]
[EventCountry "ROU"]
[SourceTitle "playchess.com"]
[Source "ChessBase"]
[SourceQuality "1"]

{[%evp 20,132,14,7,52,61,66,4,5,5,4,13,9,0,0,-10,-14,-15,-10,-12,-23,-17,-6,-6,-10,-41,-42,-45,-35,-50,-33,-34,-34,-34,-34,-35,-35,-35,-36,-36,-35,-35,-35,-49,-46,-64,-36,-41,-41,-51,-41,-66,-36,-26,-34,-26,-33,-31,-14,-36,-26,-31,-23,-61,-31,-95,-14,-16,-14,-14,-14,-38,-37,-74,-66,-64,-66,-141,-88,-151,-80,-85,-113,-129,-130,-102,-22,-23,-23,-23,-23,-30,-30,-37,-37,-37,0,-29974,-29975,-29973,-29976,-29976,-29977,-29977,-29978,-29983,-29979,-29979,-29980,-29980,-29981,-29981,-29982,-29982,-29983]} 1. d4 e6 2. Nf3 Nf6 3. e3 c5 4. Bd3 b6 5. O-O Be7 6. c4 cxd4 7. exd4 d5 8. cxd5 Nxd5 9. Nc3 Bb7 10. Ne5 O-O 11. Qg4 {Black must now prevent Bh6!} Nxc3 {E14: Queen's Indian: Classical Variation (4 e3)} (11... f5 $5 {[%cal Rf5g4]} 12. Qe2 Bf6 $14) (11... f5 12. Qe2 Bf6 13. Bc4 Re8 14. Rd1 Nd7 15. Bb5 Bxe5 16. dxe5 Qe7 17. Nxd5 Bxd5 18. Qh5 g6 19. Qh6 {1-0 (36) Kramnik,V (2777)-Topalov,V (2813) Skopje 2015}) 12. bxc3 Nd7 13. Qh3 ({White should try} 13. Bh6 $1 $14 Bf6 14. Nc4) 13... f5 $11 {The position is equal.} 14. Bf4 Nxe5 15. Bxe5 Rc8 16. c4 Bf6 17. Qe3 Bxe5 18. Qxe5 Qf6 19. Qxf6 $146 ({Predecessor:} 19. Rfe1 Rcd8 20. Qxe6+ Qxe6 21. Rxe6 Rxd4 22. Re7 {½-½ (22) Polgar,Z (2500)-Horvath,J (2525) Debrecen 1990}) 19... Rxf6 20. Rfd1 Rd8 21. Bf1 Rf7 22. Re1 Rxd4 23. Rxe6 Rfd7 24. f3 Kf7 25. Re5 Kf6 26. Rae1 Rd1 27. Re6+ Kf7 $1 28. Re7+ Rxe7 29. Rxd1 $15 {[%mdl 4096] Endgame KRB-KRB} Rc7 30. Kf2 Bc8 31. Rd4 Be6 32. Ke3 Rc5 33. Rd2 Kf6 34. Kd4 f4 35. Bd3 Rh5 36. g3 fxg3 37. hxg3 Rg5 38. g4 g6 39. Be2 Rc5 40. f4 h6 41. Ke3 g5 42. fxg5+ (42. f5 $15 Bxc4 43. Rd6+ Ke5 44. Rxh6) 42... hxg5 (42... Kxg5 $17 43. Rd4 Re5+ 44. Kf2 Ra5) 43. Kd4 $1 $11 Rc7 44. Rc2 Rd7+ 45. Ke4 Bf7 {Hoping for ...Bg6+.} 46. Ke3 Re7+ 47. Kf2 Re5 48. Bd3 (48. Rc3 $15) 48... Ke7 (48... Ra5 $142 49. Ke3 Ke5) 49. Bf5 (49. Rc1 $142) 49... Rc5 (49... Kd6 $142 50. Rd2+ Kc6) 50. Bd3 $17 Be6 51. Be2 {[#]} b5 $1 {[%cal Rb5c4][%mdl 512]} 52. Ke3 (52. cxb5 Rxc2) 52... Bxc4 (52... bxc4 $17 {Threatens to win with ...Kd6.} 53. Kd4 Rd5+ 54. Kc3 Ra5 55. Bxc4 Bxg4) 53. Bxc4 Rxc4 54. Rxc4 bxc4 {K3P-KPP} 55. Kd4 Kd6 {Strongly threatening ...c3!} 56. a4 {[#]} c3 $1 {[%mdl 512]} 57. Kxc3 $15 {KPP-KPP} Kc5 {And now ...a5 would win.} (57... Ke5 $5 {[%cal Re5f4]} 58. Kb4 Kf4 $15) 58. Kb3 $2 {[%mdl 8192] [#]} (58. Kd3 $11) 58... a6 $1 {[%cal Ba7a6,Ba6a5,Ba5a4][%mdl 32] Black mates.} 59. Kc3 a5 60. Kd3 Kb4 61. Kd4 Kxa4 62. Kc4 Ka3 63. Kc3 a4 64. Kc2 Kb4 65. Kb2 Kc4 66. Ka3 Kd4 {Accuracy: White = 53%, Black = 64%.} 0-1

[Event "SuperChess Cup Rapid 2019"]
[Site "Bucharest"]
[Date "2019.11.08"]
[Round "9.2"]
[White "Gavrilescu, David"]
[Black "Lupulescu, Constantin"]
[Result "1-0"]
[WhiteElo "2451"]
[BlackElo "2643"]
[Annotator "TA"]
[PlyCount "61"]
[EventDate "2019.11.06"]
[EventType "tourn"]
[EventCountry "ROU"]
[SourceTitle "playchess.com"]
[Source "ChessBase"]
[SourceQuality "1"]

{[%evp 12,99,19,0,0,2,13,0,0,0,10,12,21,16,16,12,52,36,37,34,50,39,45,47,43,44,77,37,105,101,98,105,193,189,273,215,244,160,199,161,197,78,201,201,233,155,148,173,178,177,437,356,455,445,430,463,439,441,439,418,392,339,339,330,306,313,265,208,311,0,0,0,0,0,0,0,0,0,552,543,1124,1089,1563,1494,1678,1660,1930,1959,1676,1581]} 1. e4 c6 2. Nc3 d5 3. Nf3 Bg4 4. h3 Bxf3 5. Qxf3 Nf6 6. d3 e6 7. a3 d4 {B11: Caro-Kann: Two Knights Variation} (7... Qa5 8. Bd2 Qb6 9. Ra2 Nbd7 10. g3 Be7 11. Bg2 O-O 12. O-O a5 13. Kh2 a4 14. Qe2 dxe4 15. dxe4 {1-0 (68) McShane,L (2682)-Yuffa,D (2577) Khanty-Mansiysk 2019}) 8. Nb1 c5 9. g3 Nc6 {The position is equal.} 10. Nd2 Bd6 11. Bg2 Qe7 $146 ({Predecessor:} 11... Nd7 12. Qe2 Qe7 13. O-O O-O-O 14. b4 cxb4 15. Nc4 {1-0 (35) Lewtak,D (2338)-Szostko,J (2198) Krakow 2015}) 12. Qe2 e5 13. O-O g6 14. Nf3 Nd7 15. h4 O-O-O 16. Bd2 h6 17. Bh3 Kb8 18. Rfb1 Nb6 19. c4 (19. b4 $5 {[%cal Rb4b5]} Rdg8 20. b5 $14) 19... dxc3 ({Better is} 19... Rdg8 $14) 20. bxc3 $16 c4 21. d4 (21. dxc4 $6 Na5 $11) 21... Na5 (21... exd4 $16 22. Nxd4 (22. cxd4 Rhe8 $11) 22... Na5) 22. a4 $18 ({But not} 22. Nxe5 $6 Bxe5 23. Rb5 (23. dxe5 Nb3 $11 {[%mdl 64] Double Attack}) 23... Bxd4 $14) (22. dxe5 $6 Bc7 $16) 22... f6 (22... g5 $142 23. Ra2 (23. dxe5 Bc5 $16) (23. hxg5 hxg5 24. Bxg5 f6 $16) (23. Nxe5 Bxe5 24. dxe5 Nb3 $11) 23... Qc7) 23. Be3 Qc7 24. Ra2 Rhe8 25. Rb5 Nc8 26. Nd2 (26. Bxh6 $18 {and White stays clearly on top. aiming for dxe5.} a6 27. Rb1) 26... h5 (26... g5 $16) 27. d5 a6 28. Rb1 {And now Bxc8 would win.} Bc5 29. Bxc8 Rxc8 30. Rab2 Ka7 $2 (30... Bxe3 {was necessary.} 31. Qxe3 Ka8) 31. Nxc4 {Played: Rb2-b6} 1-0

[Event "SuperChess Cup Rapid 2019"]
[Site "Bucharest"]
[Date "2019.11.08"]
[Round "9.3"]
[White "Deac, Bogdan-Daniel"]
[Black "Georgescu, Tiberiu-Marian"]
[Result "1-0"]
[WhiteElo "2613"]
[BlackElo "2508"]
[Annotator "TA"]
[PlyCount "85"]
[EventDate "2019.11.06"]
[EventType "tourn"]
[EventCountry "ROU"]
[SourceTitle "playchess.com"]
[Source "ChessBase"]
[SourceQuality "1"]

{[%evp 16,85,14,20,17,12,25,13,19,13,18,14,17,25,18,18,18,18,19,22,22,21,23,20,24,24,31,20,29,16,14,27,30,30,22,0,3,6,87,51,120,124,130,79,78,0,141,141,138,126,134,133,162,162,157,166,299,286,279,191,288,295,319,319,436,436,425,435,576,563,29975,29971]} 1. e4 e5 2. Nf3 Nc6 3. Bb5 Nf6 4. O-O Nxe4 5. Re1 Nd6 6. Nxe5 Be7 7. Bf1 Nxe5 8. Rxe5 O-O 9. d4 Ne8 {C67: Ruy Lopez: Berlin Defence: 4 0-0 Nxe4} 10. d5 Bc5 11. Re1 d6 {The position is equal.} 12. Nc3 f5 13. Na4 Bxf2+ {[%mdl 64] [#] Decoy} 14. Kxf2 {aiming for Kg1.} Qh4+ {[%mdl 64] Double Attack} 15. Kg1 Qxa4 16. Re7 Qh4 17. Qe2 $1 {[#]} Nf6 $146 18. Rxc7 {Strongly threatening Qe7!} Qd4+ 19. Qe3 Qxe3+ 20. Bxe3 Nxd5 21. Bc4 Be6 22. Rxb7 {[#] And now Bd4 would win.} Nxe3 23. Bxe6+ Kh8 24. Re1 f4 25. g3 Nxc2 26. Re4 $36 {[%mdl 2048] White has the initiative.} f3 (26... fxg3 $11 27. hxg3 Rab8 28. Rxa7 Rxb2) 27. Kf2 d5 (27... Rab8 $14 28. Rxb8 Rxb8) 28. Bxd5 $16 {Hoping for Ree7!} Rad8 29. Rf4 (29. Rf7 $142 {Rxf8+ is the strong threat.} Rxf7 30. Bxf7) 29... Rfe8 30. Re4 (30. Bc6 $142 Re2+ 31. Kxf3 Rxh2 32. Rd7 (32. Rxa7 g5 $17)) 30... Rf8 31. Rf7 Rxf7 32. Bxf7 {[%mdl 4096] Endgame KRB-KRN} g5 33. Kxf3 Rd2 34. h4 gxh4 35. gxh4 Na1 (35... a5 {is a better defense.} 36. Bc4 Nb4) 36. Re2 $18 Rd3+ 37. Re3 Rd1 (37... Rd2 {was worth a try.} 38. Ra3 Rxb2 39. Rxa7 Nc2) 38. Re7 a5 39. h5 h6 40. Bg6 Kg8 41. Kf2 Rh1 42. Re1 Nc2 43. Rxh1 {Accuracy: White = 72%, Black = 48%.} 1-0